Normal view
MARC view
- التخطيط التربوي
Entry Topical Term
001 - CONTROL NUMBER
- control field: 35121
003 - CONTROL NUMBER IDENTIFIER
- control field: JO-AjAnu
005 - DATE AND TIME OF LATEST TRANSACTION
- control field: 20230606075857.0
008 - FIXED-LENGTH DATA ELEMENTS
- fixed length control field: 230606|| aca||aabn | a|a d
040 ## - CATALOGING SOURCE
- Original cataloging agency: JO-AjAnu
- Transcribing agency: JO-AjAnu
150 ## - HEADING--TOPICAL TERM
- Topical term or geographic name entry element: التخطيط التربوي
670 ## - SOURCE DATA FOUND
- Source citation: Work cat.: (JO-AjAnu)18035: فهمي، محمد سيف الدين مؤلف/حمزة، مختار م.مشارك, author 35120, التخطيط التعليمي أسسه وأساليبه ومشكلاته